00459 2200181 4500001002100000005001500021008004100036020001800077035001900095041000700114082001100121090001700132100002100149245004100170260002400211300002900235650001300264INLIS00000000000491620241224113013241224||||||||| | ||| |||| || |  a979-730-487-6 0010-1224004916 aen0 a922.97 a922.97 YUL s0 aYuliadi Soekardi00aSunan Kalijaga (Raden Mahmud Syahid) bPustaka Setiac2004 a122 hlm.; ilus.: 25,5 cm 0aBiografi